000 00430nam a2200181 a 4500
001 0430
005 20140414131927.0
008 040106s19uu xx 00 eng d
020 _a0-71050380-6
050 _aER
_bP96
245 _aPuss in boots.
260 _aItaly :
_bPeter Haddock,
_c[n.d.]
300 _ap. ; cm.
440 _aWell-loved tales
650 _aFolk tales.
650 _aChildren stories.
999 _c112050
_d112050